000
13641nas a22001697a 4500
008
210325b th ||||| |||| 00| 0 tha d
022
_a
08572453
041
0
_a
tha
245
1
0
_a
คู่สร้างคู่สม
260
3
_b
คู่สร้างคู่สม
310
_a
รายสัปดาห์
850
_a
NALT
942
_c
JNR
_0
1
997
_c
47368
999
_c
87368
_d
87368